| Tag |
First Indicator |
Second Indicator |
Subfields |
| LEADER |
00000cam a2200000Mi 4500 |
| 001 |
in00003565430 |
| 006 |
m o d |
| 007 |
cr mnu---uuaaa |
| 008 |
121227s1999 gw a o 000 0 eng |
| 005 |
20260420205307.3 |
| 019 |
|
|
|a 656219400
|a 679739815
|a 858930704
|
| 020 |
|
|
|a 9783642804144 (electronic bk.)
|
| 020 |
|
|
|a 3642804144 (electronic bk.)
|
| 020 |
|
|
|z 9783642804168
|
| 020 |
|
|
|z 3642804160
|
| 020 |
|
|
|z 3540630139 (hc : acid-free paper)
|
| 020 |
|
|
|z 9783540630135 (hc : acid-free paper)
|
| 024 |
7 |
|
|a 10.1007/978-3-642-80414-4
|2 doi
|
| 035 |
|
|
|a (OCoLC)851384560
|z (OCoLC)656219400
|z (OCoLC)679739815
|z (OCoLC)858930704
|
| 040 |
|
|
|a AU@
|b eng
|c AU@
|d OCLCQ
|d OCLCO
|d OCLCE
|d UV0
|d GW5XE
|d OCLCF
|d UtOrBLW
|
| 042 |
|
|
|a dlr
|
| 049 |
|
|
|a TXAM
|
| 050 |
|
4 |
|a QP82-82.2
|
| 070 |
|
|
|a QP1.Z66
|b v.38
|
| 072 |
|
7 |
|a PSVD
|2 bicssc
|
| 072 |
|
7 |
|a SCI070000
|2 bisacsh
|
| 072 |
|
7 |
|a SCI056000
|2 bisacsh
|
| 072 |
|
7 |
|a QL
|2 lcco
|
| 082 |
0 |
4 |
|a 571.1
|2 23
|
| 100 |
1 |
|
|a Kuchling, Gerald.
|
| 245 |
1 |
4 |
|a The Reproductive Biology of the Chelonia /
|c by Gerald Kuchling.
|
| 264 |
|
1 |
|a Berlin, Heidelberg :
|b Springer Berlin Heidelberg,
|c 1999.
|
| 300 |
|
|
|a 1 online resource (xi, 223 pages 87 illustrations)
|
| 336 |
|
|
|a text
|b txt
|2 rdacontent
|
| 337 |
|
|
|a computer
|b c
|2 rdamedia
|
| 338 |
|
|
|a online resource
|b cr
|2 rdacarrier
|
| 490 |
1 |
|
|a Zoophysiology,
|x 0720-1842 ;
|v 38
|
| 505 |
0 |
|
|a Phylogeny -- Methods to study reproduction in Chelonians -- Gonadal cycles and gamete poduction -- Reproductive behaviour -- Reproductive cycles and environment -- Control of reproduction -- Hormones and reproduction -- Eggs and embryonic development -- Reproductive patterns and life history -- Threats, reproduction and conservation -- Conclusions.
|
| 520 |
|
|
|a This book presents a comparative view of chelonian reproduction and discusses ecophysiological implications for their captive breeding. Chelonians, with their protective rigid armour, are a phylogenetically antique group of reptiles which radiated to occupy niches from the open waters of the oceans, to rivers, creeks, swamps, forests, savannahs, and deserts. A few North American turtle species have been well studied, but until recently reproductive data on other chelonian species have been scarce. The way in which chelonians adjust their conservative mode of reproduction to the various requirements of their habitats and life styles is the theme of this book; the physiology of reproduction and its interplay with ecological conditions are its central subjects.
|
| 504 |
|
|
|a Includes bibliographical references (pages [195]-216) and index.
|
| 538 |
|
|
|a Master and use copy. Digital master created according to Benchmark for Faithful Digital Reproductions of Monographs and Serials, Version 1. Digital Library Federation, December 2002.
|u http://purl.oclc.org/DLF/benchrepro0212
|5 MiAaHDL
|
| 583 |
1 |
|
|a digitized
|c 2010
|h HathiTrust Digital Library
|l committed to preserve
|2 pda
|5 MiAaHDL
|
| 500 |
|
|
|a Electronic resource.
|
| 650 |
|
0 |
|a Life sciences.
|
| 650 |
|
0 |
|a Ecology.
|
| 650 |
|
0 |
|a Physiology.
|
| 650 |
|
7 |
|a Chéloniidés
|x Reproduction.
|2 ram
|
| 650 |
0 |
7 |
|a Schildkröten.
|2 swd
|
| 650 |
0 |
7 |
|a Fortpflanzung.
|2 swd
|
| 650 |
|
7 |
|a Ecology.
|2 fast
|0 (OCoLC)fst00901476
|
| 650 |
|
7 |
|a Life sciences.
|2 fast
|0 (OCoLC)fst00998323
|
| 650 |
|
7 |
|a Physiology.
|2 fast
|0 (OCoLC)fst01063177
|
| 655 |
|
7 |
|a Electronic books.
|2 local
|
| 710 |
2 |
|
|a SpringerLink (Online service)
|
| 776 |
1 |
8 |
|i Print version:
|z 9783642804168
|
| 830 |
|
0 |
|a Zoophysiology ;
|v 38.
|
| 856 |
4 |
0 |
|u http://proxy.library.tamu.edu/login?url=https://link.springer.com/10.1007/978-3-642-80414-4
|z Connect to the full text of this electronic book
|t 0
|
| 994 |
|
|
|a 92
|b TXA
|
| 999 |
|
|
|a MARS
|
| 999 |
f |
f |
|s 488f67a1-67f0-3ef7-91dc-05ec665303c3
|i 3c0d0dcf-8398-3a0d-a988-8e85cf17d786
|t 0
|
| 952 |
f |
f |
|a Texas A&M University
|b College Station
|c Electronic Resources
|s www_evans
|d Available Online
|t 0
|e QP82-82.2
|h Library of Congress classification
|
| 998 |
f |
f |
|a QP82-82.2
|t 0
|l Available Online
|